<?xml version="1.0" encoding="UTF-8"?>
<record
    xmlns:xsi="http://www.w3.org/2001/XMLSchema-instance"
    xsi:schemaLocation="http://www.loc.gov/MARC21/slim http://www.loc.gov/standards/marcxml/schema/MARC21slim.xsd"
    xmlns="http://www.loc.gov/MARC21/slim">

  <leader>02266njm a2200409Ia 4500</leader>
  <controlfield tag="001">25894</controlfield>
  <controlfield tag="003">IT-RoPAU</controlfield>
  <controlfield tag="005">20220918181133.0</controlfield>
  <controlfield tag="008">131025s9999    xx            000 0 und d</controlfield>
  <datafield tag="040" ind1=" " ind2=" ">
    <subfield code="a">IT-RoPAU</subfield>
  </datafield>
  <datafield tag="040" ind1=" " ind2=" ">
    <subfield code="c">IT-RoPAU</subfield>
  </datafield>
  <datafield tag="999" ind1=" " ind2=" ">
    <subfield code="c">100725</subfield>
    <subfield code="d">100725</subfield>
  </datafield>
  <datafield tag="999" ind1=" " ind2=" ">
    <subfield code="b">SI</subfield>
  </datafield>
  <datafield tag="100" ind1=" " ind2=" ">
    <subfield code="a">Monk Thelonious</subfield>
    <subfield code="9">14768</subfield>
  </datafield>
  <datafield tag="100" ind1=" " ind2=" ">
    <subfield code="e">Autore musica</subfield>
    <subfield code="9">14769</subfield>
  </datafield>
  <datafield tag="100" ind1=" " ind2=" ">
    <subfield code="g">Codice autore musica SPICS: 10795</subfield>
    <subfield code="9">14770</subfield>
  </datafield>
  <datafield tag="245" ind1=" " ind2=" ">
    <subfield code="a">Monk On Riverside 1959-61, vol. 16</subfield>
  </datafield>
  <datafield tag="250" ind1=" " ind2=" ">
    <subfield code="a">2a ed.</subfield>
  </datafield>
  <datafield tag="260" ind1=" " ind2=" ">
    <subfield code="a">MILANO</subfield>
  </datafield>
  <datafield tag="260" ind1=" " ind2=" ">
    <subfield code="b">RIVERSIDE RECORDS</subfield>
    <subfield code="c">1984 [1a Ed.:1959 - Ed. Lingua Orig.: 1959]</subfield>
  </datafield>
  <datafield tag="300" ind1=" " ind2=" ">
    <subfield code="a">DISCO</subfield>
  </datafield>
  <datafield tag="300" ind1=" " ind2=" ">
    <subfield code="c">50 minuti (Testo:  pag.)</subfield>
  </datafield>
  <datafield tag="500" ind1=" " ind2=" ">
    <subfield code="a">Musica jazz</subfield>
  </datafield>
  <datafield tag="505" ind1=" " ind2=" ">
    <subfield code="a">Blue Monk - Ruby, My Dear - Round Lights - Pannonica - Reflections - Bluehawk - Everything Happens To Me [(21/22 ottobre 1959) (6:00)] - You Took the Words Right Out of My Heart (5:00) - I'm Getting Sentimental Over You [(21/22 ottobre 1959) (7:00)] - There's Danger In Your Eyes, Cherie [(21/22 ottobre 1959) (9:00)] - Remember [(21/22 ottobre 1959) (3:00)]</subfield>
  </datafield>
  <datafield tag="511" ind1=" " ind2=" ">
    <subfield code="a">Monk Thelonious: piano</subfield>
  </datafield>
  <datafield tag="650" ind1=" " ind2=" ">
    <subfield code="a">JAZZ [DISCHI]</subfield>
    <subfield code="e">Codice MATERIA SPICS: 9950</subfield>
    <subfield code="9">14771</subfield>
  </datafield>
  <datafield tag="700" ind1=" " ind2=" ">
    <subfield code="a">Monk Thelonious</subfield>
    <subfield code="g">Codice interprete SPICS: 10795</subfield>
    <subfield code="9">14772</subfield>
    <subfield code="e">Interprete</subfield>
  </datafield>
  <datafield tag="700" ind1=" " ind2=" ">
    <subfield code="a">Dennis Matt</subfield>
    <subfield code="g">Codice autore musica SPICS: 23712</subfield>
    <subfield code="e">Autore musica</subfield>
    <subfield code="p">Everything Happens To Me</subfield>
    <subfield code="9">14773</subfield>
  </datafield>
  <datafield tag="700" ind1=" " ind2=" ">
    <subfield code="a">Robin Christian</subfield>
    <subfield code="g">Codice autore musica SPICS: 10583</subfield>
    <subfield code="e">Autore musica</subfield>
    <subfield code="p">You Took the Words Right Out of My Heart</subfield>
    <subfield code="9">14774</subfield>
  </datafield>
  <datafield tag="700" ind1=" " ind2=" ">
    <subfield code="a">Rainger Ralph</subfield>
    <subfield code="g">Codice autore SPICS: 20269</subfield>
    <subfield code="e">Autore</subfield>
    <subfield code="p">You Took the Words Right Out of My Heart</subfield>
    <subfield code="9">14775</subfield>
  </datafield>
  <datafield tag="700" ind1=" " ind2=" ">
    <subfield code="a">Washington</subfield>
    <subfield code="g">Codice autore musica SPICS: 20489</subfield>
    <subfield code="e">Autore musica</subfield>
    <subfield code="p">I'm Getting Sentimental Over You </subfield>
    <subfield code="9">14776</subfield>
  </datafield>
  <datafield tag="700" ind1=" " ind2=" ">
    <subfield code="a">Bassman</subfield>
    <subfield code="g">Codice autore SPICS: 15818</subfield>
    <subfield code="4">Autore</subfield>
    <subfield code="p">I'm Getting Sentimental Over You </subfield>
    <subfield code="9">14777</subfield>
  </datafield>
  <datafield tag="700" ind1=" " ind2=" ">
    <subfield code="a">Richman Bruce</subfield>
    <subfield code="g">Codice autore musica SPICS: 19428</subfield>
    <subfield code="e">Autore musica</subfield>
    <subfield code="p">There's Danger In Your Eyes, Cherie</subfield>
    <subfield code="9">14778</subfield>
  </datafield>
  <datafield tag="700" ind1=" " ind2=" ">
    <subfield code="a">Meskell</subfield>
    <subfield code="g">Codice autore SPICS: 27931</subfield>
    <subfield code="e">Autore</subfield>
    <subfield code="p">There's Danger In Your Eyes, Cherie</subfield>
    <subfield code="9">14779</subfield>
  </datafield>
  <datafield tag="700" ind1=" " ind2=" ">
    <subfield code="a">Wending</subfield>
    <subfield code="g">Codice autore testo/musica SPICS: 27932</subfield>
    <subfield code="4">Autore testo/musica</subfield>
    <subfield code="p">There's Danger In Your Eyes, Cherie</subfield>
    <subfield code="9">14780</subfield>
  </datafield>
  <datafield tag="700" ind1=" " ind2=" ">
    <subfield code="a">Berlin Irving</subfield>
    <subfield code="g">Codice autore musica SPICS: 14042</subfield>
    <subfield code="e">Autore musica</subfield>
    <subfield code="p">Remember</subfield>
    <subfield code="9">14781</subfield>
  </datafield>
  <datafield tag="942" ind1=" " ind2=" ">
    <subfield code="c">MD</subfield>
    <subfield code="2">ddc</subfield>
  </datafield>
  <datafield tag="952" ind1=" " ind2=" ">
    <subfield code="0">0</subfield>
    <subfield code="1">0</subfield>
    <subfield code="4">0</subfield>
    <subfield code="6">25894_000000000000000</subfield>
    <subfield code="7">1</subfield>
    <subfield code="a">SPICS</subfield>
    <subfield code="b">SPICS</subfield>
    <subfield code="d">2013-10-25</subfield>
    <subfield code="l">0</subfield>
    <subfield code="o">25894</subfield>
    <subfield code="r">2013-10-25 00:00:00</subfield>
    <subfield code="w">2013-10-25</subfield>
    <subfield code="y">MD</subfield>
    <subfield code="z">Progr. Ins.: 5767 / N.Vol.: 1 / Copie: 1 - Copia rara: SI / date import: 01.01.2014 - By Epidotti, Trombetti, Vaglietti</subfield>
  </datafield>
</record>
